header

Memory architecture exploration for programmable embedded systems (Record no. 164274)

MARC details
000 -LEADER
fixed length control field 01374nam a22003494a 4500
082 04 - DEWEY DECIMAL CLASSIFICATION NUMBER
Classification number 004.2/56
100 1# - MAIN ENTRY--AUTHOR NAME
Personal name Grun, Peter.
245 10 - TITLE STATEMENT
Title Memory architecture exploration for programmable embedded systems
260 ## - PUBLICATION, DISTRIBUTION, ETC. (IMPRINT)
Place of publication Boston :
Name of publisher Kluwer Academic Publishers,
Year of publication c2003.
300 ## - PHYSICAL DESCRIPTION
Number of Pages xvi, 128 p. :
Other physical details ill.
650 #0 - SUBJECT ADDED ENTRY--TOPICAL TERM
Topical Term Embedded computer systems.
Topical Term Semiconductor storage devices.
Topical Term Computer architecture.
Topical Term Programmable controllers.
700 1# - ADDED ENTRY--PERSONAL NAME
Personal name Dutt, Nikil.
Personal name Nicolau, Alexandru.
856 40 - ELECTRONIC LOCATION AND ACCESS
Uniform Resource Identifier http://site.ebrary.com/lib/rucke/Doc?id=10067227

No items available.

© 2026 Rongo University
Contact us: librarian | system librarian | Rongo university